| 000 | 00428nam a22001817a 4500 | ||
|---|---|---|---|
| 003 | NUST | ||
| 020 | _a9788131705667 | ||
| 038 | _aKhadija | ||
| 082 |
_a670 _bKAL |
||
| 100 |
_aKalpakjian, Serope _987048 |
||
| 245 |
_aManufacturing Processes / _cSerope Kalpakjian |
||
| 250 | _a5th ed. | ||
| 260 |
_a[S.l.]: _bPrentice Hall; _c2011. |
||
| 300 |
_a1040p. ; _b26 cm. |
||
| 500 | _aPaperback. | ||
| 563 | _aPB | ||
| 942 |
_cBK _2ddc |
||
| 999 |
_c32446 _d32446 |
||